| 000 | 01782cam a2200529 4500500 | ||
|---|---|---|---|
| 005 | 20260322001458.0 | ||
| 041 | _afre | ||
| 042 | _adc | ||
| 100 | 1 | 0 |
_aFalconieri, Tommaso di carpegna _eauthor |
| 700 | 1 | 0 |
_aPagan Dalarun, Martine _eauthor |
| 245 | 0 | 0 | _aUne réalité médiévale, un rêve romantique |
| 260 | _c2020. | ||
| 500 | _a66 | ||
| 690 | _a | ||
| 690 | _a maison. Ci-contre : la chaire d’ivoire de l’archevêque Maximien à Ravenne | ||
| 690 | _a datant du | ||
| 690 | _a | ||
| 690 | _a qui désigne le siège épiscopal | ||
| 690 | _a le terme désigne l’église mère du diocèse ( | ||
| 690 | _a. Il vise à faire revivre les formes médiévales | ||
| 690 | _a par contraste avec les styles classiques qui dominent à l’Époque moderne. | ||
| 690 | _a(le siège) en portugais | ||
| 690 | _a | ||
| 690 | _a) | ||
| 690 | _a celle où siège l’évêque. La cathédrale porte aussi d’autres noms. Elle peut s’appeler | ||
| 690 | _acathedra | ||
| 690 | _aCathédrale | ||
| 690 | _aDom | ||
| 690 | _adomus | ||
| 690 | _aduomo | ||
| 690 | _ae | ||
| 690 | _aecclesia matrix | ||
| 690 | _aen allemand. Ces deux derniers termes dérivent du latin | ||
| 690 | _aen italien et | ||
| 690 | _aIssu du latin | ||
| 690 | _aNéogothique | ||
| 690 | _asé | ||
| 690 | _asiècle | ||
| 690 | _a qui se diffuse en Europe continentale et en Amérique au | ||
| 690 | _asiècle. | ||
| 690 | _aStyle architectural né en Angleterre au milieu du | ||
| 690 | _avi | ||
| 690 | _axix | ||
| 690 | _axviii | ||
| 786 | 0 | _nL'Histoire - Les Collections | 89 | 4 | 2020-10-01 | p. 8-15 | 2727-6945 | |
| 856 | 4 | 1 | _uhttps://shs.cairn.info/magazine-hist-l-hisoire-les-collections-2020-4-page-8?lang=fr&redirect-ssocas=7080 |
| 999 |
_c1715146 _d1715146 |
||